| 000 | 00777cab a2200265 4500 | ||
|---|---|---|---|
| 001 | WB3123-26 | ||
| 008 | 090401t1995 xxu||||| |||| 00| 0 eng d | ||
| 035 | _a(Sirsi) u3048 | ||
| 041 | _aeng | ||
| 245 | _aRepossessions set to increase | ||
| 260 | _c1995 | ||
| 350 | _a0 | ||
| 490 |
_aGuardian _v15 June 1995, 10(1) |
||
| 520 | _aShelter has criticised lenders` attitudes to the repossessions` crisis and urges government not to go ahead with income support changes for redundant homeowners. | ||
| 650 | _aBUILDING SOCIETIES | ||
| 650 | _aINCOME SUPPORT | ||
| 650 | _aMORTGAGES | ||
| 650 | _aREPOSSESSIONS | ||
| 650 | _aSHELTER | ||
| 650 | _aTAX RELIEF | ||
| 650 | _aVOLUNTARY REPOSSESSIONS | ||
| 690 | _aHOUSING-FINANCE | ||
| 942 | _n0 | ||
| 948 | _c04/03/1997 | ||
| 999 |
_c1840 _d1840 |
||